000 00857cab a22002295a 4500
001 L159971
008 150113e2016 xxk 000 0 eng d
035 _a(Sirsi) u159971
041 0 _aeng
050 _a690.241 $2 18
100 1 _aIrwin, Anna
245 0 0 _aConflicting accounts
_h[electronic resource]
260 _aLondon
_bRICS
_c2016
490 _aRICS Building Surveying Journal
_vDecember 2016 - January 2017, 30-31(2)
520 _aReflects on how reminders of a troubled past, such as Belfast peace walls, can be assimilated into our cultural heritage.
650 2 4 _aHERITAGE VALUES
650 2 4 _aHERITAGE
650 2 4 _aBELFAST
690 _aConservation and restoration
856 4 0 _uhttps://www.rics.org/Global/Building_Surveying_Journal_December_2016_January_2017.pdf
_zView the article free of charge at www.rics.org...
942 _n0
999 _c85092
_d85092